000 00943nas a2200313 a 4500
001 vtls000852944
003 NLI
005 20210627065355.0
008 120308s2005 enkac e e 001 0 eng
020 _a0415234409
_c£ 130.00
039 9 _a201203082113
_bVLOAD
_y201104282053
_zVLOAD
040 _aNLI
_cNLMARC21
041 0 _aeng
044 _aenk
082 0 4 _a791.430903
_222
245 0 0 _aEncyclopedia of early cinema
_cedited by Richard Abel
260 _aLondon
_bRoutledge
_cc2005
300 _axxx, 791 p.
_bill., ports.
_c25 cm.
504 _aIncludes bibliographical references and index
650 0 _aMotion pictures
_xHistory
_vEncyclopedias
_9812231
700 1 _aAbel, Richard
_d1941-
_4edt
_9825905
887 _asyamal Kanti Biswas mrinal
901 _a550514
_b16.08.2005
902 _aR.R. 791.430903 En 19
904 _asyamal Kanti Biswas
905 _amrinal
999 _aVIRTUA40
_c698564
_d698564
942 _2ddc
_cBKS